Sagen aus Tirol /

Saved in:
நூற்பட்டியல் விவரங்கள்
தலைமை எழுத்தாளர்: Hofbauer, Friedl.
மற்ற எழுத்தாளர்கள்: Groebner, Dominic.
வடிவம்: புத்தகம்
மொழி:German
வெளியீடப்பட்டது: Wien : Öbv & Hpt, 2000.
பதிப்பு:1. Aufl.
தொகுதி:Sagen aus Österreich.
பகுதிகள்:
குறியீடுகள்: குறிச்சொல் இணை
குறியீடுகள் இல்லை, இந்த குறிச்சொல்லை முதலில் பதிவு செய்யுங்கள்!
LEADER 00732nam a2200265Ia 4500
001 008634412-9
005 20050720145408.0
008 050629s2000 au a 000 1 ger d
020 |a 3209031282 
035 0 |a ocm60769781 
040 |a TEF  |c TEF  |d HLS 
043 |a e-au--- 
050 4 |a GR159.T9  |b H64 2000 
090 |a GR159.T9  |b H64 2000 
100 1 |a Hofbauer, Friedl. 
245 1 0 |a Sagen aus Tirol /  |c Friedl Hofbauer ; Bilder von Dominic Groebner. 
250 |a 1. Aufl. 
260 |a Wien :  |b Öbv & Hpt,  |c 2000. 
300 |a 78 p. :  |b ill. ;  |c 22 cm. 
490 1 |a Sagen aus Österreich 
650 0 |a Tales  |z Austria  |z Tyrol. 
700 1 |a Groebner, Dominic. 
830 0 |a Sagen aus Österreich. 
988 |a 20020608 
906 |0 OCLC